000 01247cam a2200313Ka 4500
001 sunofmorning00ande
003 CaSfIA
005 20210119085505.0
007 cr||||
008 910412s1991 nyu 000 1 eng d
040 _aUUP
_cUUP
_dNOB
_dCaSfIA
020 _a0843930160
_c$4.95
020 _a9780843930160
035 _a(OCoLC)23460059
082 0 4 _a813.54
_bA
100 1 _aAnders, Donna.
245 1 0 _aSun of the morning /
_h[electronic resource]
_cDonna Anders.
260 _aNew York :
_bDorchester,
_cc1991.
300 _a476 p. ;
_c18 cm.
500 _aLeisure books.
029 1 _aNZ1
_b4986859
029 1 _aAU@
_b000010492313
029 1 _aUNITY
_b010341021
856 4 1 _uhttp://www.archive.org/details/sunofmorning00ande
_zFree eBook from the Internet Archive
856 4 2 _uhttp://www.openlibrary.org/books/OL11551053M
_zAdditional information and access via Open Library
942 _cEB
506 _fНеобхідна авторизація на https://archive.org/ (створення облікового запису безкоштовно)
506 _fНеобхідна авторизація на https://openlibrary.org/ (створення облікового запису безкоштовно)
999 _c554048
_d554048